[Event "10. Open Internacional de Galapagar"]
[Site "Galapagar ESP"]
[Date "2009.07.22"]
[Round "5.13"]
[White "Beltran de Heredia y Alonso, Miguel"]
[Black "Longa Yauca, Javier"]
[Result "0-1"]
[WhiteElo "1931"]
[BlackElo "2293"]
[PlyCount "64"]
[EventDate "2009.07.18"]
[EventType "swiss"]
[EventRounds "9"]
[EventCountry "ESP"]
[Source "lmi"]
[SourceDate "2009.07.18"]

1. b3 e5 2. Bb2 d6 3. e3 Nf6 4. d4 e4 5. c4 c6 6. Nc3 d5 7. c5 g6 8. b4 Bg7 9.
Nge2 O-O 10. Nf4 g5 11. Nh5 Nxh5 12. Qxh5 f5 13. Qd1 Be6 14. g3 Nd7 15. h4 f4
16. gxf4 gxf4 17. Bc1 a5 18. Qb3 Qf6 19. Bh3 Kh8 20. Bxe6 Qxe6 21. b5 Qg4 22.
Rb1 fxe3 23. Bxe3 Nxc5 24. dxc5 d4 25. Ne2 dxe3 26. Qxe3 Rad8 27. Qg3 Qf5 28.
Rg1 Be5 29. Qe3 Rd3 30. Rg5 Bc3+ 31. Nxc3 Rxe3+ 32. fxe3 Qf1+ 0-1

[Event "10. Open Internacional de Galapagar"]
[Site "Galapagar ESP"]
[Date "2009.07.22"]
[Round "5.14"]
[White "Fernandez Garcia, Miguel Angel"]
[Black "Ledo Galan, Jose Emilio"]
[Result "1-0"]
[WhiteElo "2269"]
[BlackElo "1969"]
[PlyCount "193"]
[EventDate "2009.07.18"]
[EventType "swiss"]
[EventRounds "9"]
[EventCountry "ESP"]
[Source "lmi"]
[SourceDate "2009.07.18"]

1. d4 Nf6 2. c4 g6 3. Nc3 Bg7 4. e4 d6 5. Nf3 O-O 6. Be3 e5 7. dxe5 dxe5 8.
Qxd8 Rxd8 9. Nd5 Nxd5 10. cxd5 f5 11. Bc4 Rd6 12. Bc5 fxe4 13. Bxd6 exf3 14.
Bxc7 fxg2 15. Rg1 Bh3 16. d6+ Kf8 17. Bd5 Nc6 18. Bxg2 Bf5 19. Bxc6 bxc6 20.
Rc1 Be4 21. Rg4 Bd5 22. d7 Bf6 23. Rb4 Kf7 24. Rb7 Ke6 25. d8=Q Bxd8 26. Bxd8
Rxd8 27. Rxa7 Rb8 28. b3 h5 29. Rg7 Kf6 30. Ra7 Rb4 31. Ra4 Rb6 32. h4 e4 33.
Ke2 g5 34. hxg5+ Kxg5 35. Rg1+ Kf6 36. Ra8 Rb7 37. Ke3 Rh7 38. b4 h4 39. b5
cxb5 40. Ra6+ Kf5 41. Rag6 Rh5 42. Rb6 h3 43. Rxb5 Ke5 44. Rd1 Ke6 45. Rb6+ Kd7
46. Rxd5+ Rxd5 47. Rh6 Ra5 48. Kxe4 Rxa2 49. Kf3 Ra3+ 50. Kg4 Ra2 51. Kg3 Ke7
52. Rxh3 Kf6 53. Rh5 Ra1 54. Kg4 Rf1 55. f3 Kg6 56. Rb5 Rg1+ 57. Kf4 Rf1 58.
Rb6+ Kf7 59. Kg4 Ra1 60. f4 Ra5 61. Rh6 Kg7 62. Rd6 Ra7 63. Kg5 Rb7 64. f5 Ra7
65. Rg6+ Kf7 66. Rh6 Ra5 67. Rh7+ Kg8 68. Re7 Ra6 69. Re6 Ra7 70. Rd6 Kf7 71.
Rh6 Ra5 72. Rh8 Kg7 73. Rh1 Rb5 74. Ra1 Rb7 75. Ra6 Rc7 76. Rg6+ Kf7 77. Rh6
Rc5 78. Rh7+ Kg8 79. Re7 Kf8 80. Rd7 Rc6 81. Kf4 Ra6 82. Ke5 Rb6 83. Rh7 Kg8
84. Re7 Kf8 85. Re6 Rb7 86. Kf6 Rf7+ 87. Kg6 Rg7+ 88. Kf6 Rf7+ 89. Kg5 Ra7 90.
Rd6 Kf7 91. Rh6 Kg8 92. Kg6 Ra6+ 93. f6 Rb6 94. Rh4 Ra6 95. Rb4 Ra8 96. Rb7 Rc8
97. Rg7+ 1-0

[Event "10. Open Internacional de Galapagar"]
[Site "Galapagar ESP"]
[Date "2009.07.22"]
[Round "5.15"]
[White "Serrano Martinez, Francisco Jose"]
[Black "Semprun Martinez, Fernando"]
[Result "1/2-1/2"]
[WhiteElo "1970"]
[BlackElo "2179"]
[PlyCount "96"]
[EventDate "2009.07.18"]
[EventType "swiss"]
[EventRounds "9"]
[EventCountry "ESP"]
[Source "lmi"]
[SourceDate "2009.07.18"]

1. e4 c5 2. d4 cxd4 3. c3 Nf6 4. e5 Nd5 5. Nf3 Nc6 6. Bc4 Nb6 7. Bb3 g6 8. cxd4
Bg7 9. O-O O-O 10. Bf4 d5 11. h3 Bf5 12. Nc3 Be4 13. Ng5 Bf5 14. g4 Bc8 15. Rc1
f6 16. exf6 Bxf6 17. Be3 e6 18. f4 Na5 19. Rc2 Nac4 20. Bc1 Bd7 21. Nf3 Nd6 22.
Rcf2 Rc8 23. Ne5 Bb5 24. Nxb5 Nxb5 25. Qd3 Nd6 26. Nxg6 Ne4 27. Nxf8 Nxf2 28.
Kxf2 Qxf8 29. Bc2 Qg7 30. Qe2 Bxd4+ 31. Kg2 Rc6 32. Bb3 Qc7 33. Be3 Bxe3 34.
Qxe3 Qd6 35. Qd4 Nc4 36. Re1 Rc7 37. Qf6 Rf7 38. Qxe6 Qxf4 39. Qe8+ Kg7 40. Qe2
b5 41. Bxc4 bxc4 42. Qe5+ Qxe5 43. Rxe5 d4 44. Rc5 Rb7 45. Rxc4 Rxb2+ 46. Kf3
Rxa2 47. Rxd4 Ra3+ 48. Kf2 Ra2+ 1/2-1/2

[Event "10. Open Internacional de Galapagar"]
[Site "Galapagar ESP"]
[Date "2009.07.22"]
[Round "5.16"]
[White "Pascual Palomo, Lucia"]
[Black "Rojas Pozo, Jose Luis"]
[Result "1-0"]
[WhiteElo "2116"]
[BlackElo "1954"]
[PlyCount "93"]
[EventDate "2009.07.18"]
[EventType "swiss"]
[EventRounds "9"]
[EventCountry "ESP"]
[Source "lmi"]
[SourceDate "2009.07.18"]

1. e4 c5 2. Nf3 d6 3. d4 cxd4 4. Nxd4 Nf6 5. Nc3 a6 6. Be2 e5 7. Nb3 Be6 8. O-O
Be7 9. Re1 O-O 10. Bf3 Qc7 11. Nd5 Nxd5 12. exd5 Bf5 13. c3 Bg6 14. a4 f5 15.
a5 Nd7 16. Ra4 Rac8 17. Rb4 Nf6 18. Be3 Qd7 19. Bg5 h6 20. Bxf6 Bxf6 21. Bh5
Bh7 22. Nd2 g6 23. Be2 Kh8 24. Nc4 Rc7 25. Qb3 Rd8 26. Bf1 Bg7 27. Nb6 Qf7 28.
Rc4 Bg8 29. Qa3 Bf8 30. b4 Re8 31. Rxc7 Qxc7 32. c4 Kh7 33. Rc1 e4 34. c5 Re5
35. cxd6 Qxd6 36. Nc4 Qxd5 37. Nxe5 Qxe5 38. Rd1 f4 39. Re1 Qd4 40. Qc1 Bxb4
41. Rd1 Qe5 42. Rd7+ Kh8 43. Rxb7 Bc5 44. Be2 e3 45. f3 Qd4 46. Qb2 Bc4 47. Kf1
1-0

[Event "10. Open Internacional de Galapagar"]
[Site "Galapagar ESP"]
[Date "2009.07.22"]
[Round "5.17"]
[White "Lopez de Turiso, Jose Angel"]
[Black "Cuadrado Lopez, Francisco Javier"]
[Result "1/2-1/2"]
[WhiteElo "2087"]
[BlackElo "1937"]
[PlyCount "171"]
[EventDate "2009.07.18"]
[EventType "swiss"]
[EventRounds "9"]
[EventCountry "ESP"]
[Source "lmi"]
[SourceDate "2009.07.18"]

1. c4 Nf6 2. Nc3 c5 3. Nf3 d6 4. d4 cxd4 5. Nxd4 Nc6 6. g3 g6 7. Bg2 Bd7 8. b3
Bg7 9. Bb2 O-O 10. O-O Qc8 11. Re1 Nxd4 12. Qxd4 Bc6 13. Nd5 Re8 14. Qh4 Nxd5
15. Bxg7 Kxg7 16. cxd5 Bd7 17. Rac1 Qd8 18. Rc4 f6 19. Rec1 h5 20. Qd4 Bb5 21.
R4c2 b6 22. h4 Bd7 23. Be4 Rc8 24. Qd3 Rxc2 25. Qxc2 f5 26. Bd3 a5 27. a3 Qa8
28. Qb2+ Kf7 29. Rc7 Rd8 30. f4 Qb8 31. Qc3 Rc8 32. Rxc8 Qxc8 33. Qxc8 Bxc8 34.
b4 axb4 35. axb4 Bd7 36. Kf2 Kf6 37. Ke3 e6 38. dxe6 Kxe6 39. Kd4 d5 40. Ba6
Ba4 41. Bb7 Bb3 42. Bc6 Ba2 43. e3 Bb3 44. Be8 Kf6 45. Kc3 Ba2 46. Bb5 Ke6 47.
Kb2 Bc4 48. Be8 Kf6 49. Ka3 Kg7 50. Ka4 Kf6 51. Bb5 Ke6 52. Bc6 Ke7 53. Ka3 Ke6
54. Kb2 Ke7 55. Kc3 Ke6 56. Kd4 Bb3 57. Bb5 Ba2 58. Kc3 Bb1 59. Kb2 Be4 60. Be2
Kd6 61. Kb3 Kc6 62. Kc3 Kd6 63. Bb5 Ke6 64. Kb3 Bb1 65. Bc6 Bd3 66. Kc3 Bc4 67.
Ba4 Be2 68. Kd4 Bc4 69. Be8 Kf6 70. Bd7 Ba2 71. Bc8 Bc4 72. Bb7 Ke6 73. Bc6 Bb3
74. Bb5 Ba2 75. Bd3 Kd6 76. Kc3 Ke6 77. Bc2 Bc4 78. Ba4 Be2 79. Bb3 Kd6 80. Kd4
Bf3 81. Ba2 Be4 82. Bb3 Bf3 83. Ba4 Ke6 84. Be8 Kf6 85. Bd7 Be4 86. Bc8 1/2-1/2

[Event "10. Open Internacional de Galapagar"]
[Site "Galapagar ESP"]
[Date "2009.07.22"]
[Round "5.18"]
[White "Lorite Cruz, Francisco"]
[Black "Lopez Heras, Arturo"]
[Result "1-0"]
[WhiteElo "2084"]
[BlackElo "1931"]
[PlyCount "115"]
[EventDate "2009.07.18"]
[EventType "swiss"]
[EventRounds "9"]
[EventCountry "ESP"]
[Source "lmi"]
[SourceDate "2009.07.18"]

1. e4 e5 2. Nf3 Nc6 3. Bb5 f5 4. Nc3 fxe4 5. Nxe4 Nf6 6. Qe2 Qe7 7. Ng3 e4 8.
Bxc6 dxc6 9. Ng5 Bg4 10. Qc4 O-O-O 11. O-O Qe5 12. Nf7 Qc5 13. Qxc5 Bxc5 14.
Nxh8 Rxh8 15. d3 exd3 16. cxd3 Rd8 17. Bg5 Rxd3 18. Bxf6 gxf6 19. Rac1 Bd6 20.
b4 Rd2 21. a4 Be6 22. Ne4 Ra2 23. Rcd1 Be5 24. f4 Bd6 25. Nxd6+ cxd6 26. a5 Bd5
27. Rf2 Ra4 28. Rb2 Kc7 29. Re1 c5 30. Re7+ Kd8 31. Rxh7 cxb4 32. a6 Rxa6 33.
Rxb4 Ra1+ 34. Kf2 Ra2+ 35. Ke3 Rxg2 36. Rd4 Bc6 37. Rxd6+ Ke8 38. Rxf6 a5 39.
Re6+ Kf8 40. Kd4 a4 41. f5 a3 42. Rh8+ Kf7 43. Ra8 a2 44. h4 Bb5 45. Ra7 Kf8
46. Ra5 Bd7 47. Rg6 Rh2 48. Ke5 Kf7 49. h5 Rxh5 50. Rf6+ Ke7 51. Rxa2 Rh1 52.
Re2 Ra1 53. Rh6 Ra5+ 54. Kf4+ Kf8 55. Re5 Ra1 56. Kg5 b5 57. Rd6 Be8 58. Rd8
1-0

[Event "10. Open Internacional de Galapagar"]
[Site "Galapagar ESP"]
[Date "2009.07.22"]
[Round "5.19"]
[White "Torres Samper, Rafael"]
[Black "Martin Duque, Jesus"]
[Result "0-1"]
[WhiteElo "2061"]
[BlackElo "1930"]
[PlyCount "110"]
[EventDate "2009.07.18"]
[EventType "swiss"]
[EventRounds "9"]
[EventCountry "ESP"]
[Source "lmi"]
[SourceDate "2009.07.18"]

1. e4 e6 2. d4 d5 3. Nc3 Bb4 4. e5 b6 5. Qg4 Bf8 6. f4 Qd7 7. Nf3 Nc6 8. Bb5
Nge7 9. O-O Bb7 10. Nd1 a6 11. Ba4 O-O-O 12. c3 g6 13. b4 Kb8 14. Ne3 Nf5 15.
Ne1 Be7 16. Qe2 Ncxd4 17. cxd4 Qxa4 18. Nxf5 gxf5 19. Nd3 Rdg8 20. Bd2 Rg7 21.
Bc3 Rhg8 22. Rf2 Rg4 23. Qd2 h5 24. Kh1 Bh4 25. Re2 Bc6 26. Qc2 Qxc2 27. Rxc2
Bb5 28. Nb2 Bd8 29. a4 Be8 30. a5 Bb5 31. axb6 cxb6 32. g3 h4 33. Be1 hxg3 34.
hxg3 Kb7 35. Rac1 Bd7 36. Rh2 R4g7 37. Kg2 f6 38. Nd3 Bb5 39. exf6 Bxf6 40. Ne5
Bxe5 41. dxe5 d4 42. Rh6 Re8 43. Kf3 Rd7 44. Bd2 Bc6+ 45. Kf2 Be4 46. Ke2 Rc7
47. Rxc7+ Kxc7 48. Rh7+ Kc6 49. Ra7 Kb5 50. Rd7 d3+ 51. Ke3 Rg8 52. Kf2 Rg6 53.
Rf7 Rh6 54. Rf6 Rh2+ 55. Ke3 Re2+ 0-1

[Event "10. Open Internacional de Galapagar"]
[Site "Galapagar ESP"]
[Date "2009.07.22"]
[Round "5.20"]
[White "Iagar, Razvan Gabriel"]
[Black "Toranzo Fernandez, Dionisio"]
[Result "1/2-1/2"]
[WhiteElo "1949"]
[BlackElo "2045"]
[PlyCount "57"]
[EventDate "2009.07.18"]
[EventType "swiss"]
[EventRounds "9"]
[EventCountry "ESP"]
[Source "lmi"]
[SourceDate "2009.07.18"]

1. d4 Nf6 2. c4 e6 3. Nc3 Bb4 4. e3 c5 5. Nge2 d5 6. cxd5 Nxd5 7. a3 cxd4 8.
exd4 Be7 9. Nxd5 exd5 10. Nc3 O-O 11. Bd3 Be6 12. O-O Nc6 13. Be3 Qd7 14. Ne2
Bf5 15. Bxf5 Qxf5 16. Qd2 Rac8 17. Rac1 Bd8 18. b4 a6 19. Nc3 Be7 20. Qa2 Rcd8
21. Qc2 Qh5 22. Rb1 Rd6 23. Qd2 Rg6 24. f3 Re8 25. Ne2 Qf5 26. Ng3 Qd7 27. f4
f5 28. Qd3 Rf6 29. Bd2 1/2-1/2

[Event "10. Open Internacional de Galapagar"]
[Site "Galapagar ESP"]
[Date "2009.07.22"]
[Round "5.21"]
[White "Saiz Lopez, Antonio"]
[Black "Paarup, Torsten"]
[Result "0-1"]
[WhiteElo "1908"]
[BlackElo "2029"]
[PlyCount "44"]
[EventDate "2009.07.18"]
[EventType "swiss"]
[EventRounds "9"]
[EventCountry "ESP"]
[Source "lmi"]
[SourceDate "2009.07.18"]

1. d4 f5 2. g3 Nf6 3. Bg2 e6 4. c4 Be7 5. Nc3 O-O 6. Nf3 d6 7. O-O a5 8. Re1
Ne4 9. Qc2 Nxc3 10. Qxc3 Nc6 11. e4 e5 12. exf5 Bxf5 13. a3 e4 14. Nd2 Bf6 15.
Bxe4 Bxd4 16. Qd3 Bxf2+ 17. Kg2 Bxe1 18. Bxf5 Ne5 19. Qe4 Qf6 20. Be6+ Qxe6 21.
Qxe1 Rae8 22. Nf1 Qxc4 0-1

[Event "10. Open Internacional de Galapagar"]
[Site "Galapagar ESP"]
[Date "2009.07.22"]
[Round "5.22"]
[White "Suarez Paz, Alfonso"]
[Black "Esquivias Gomez, Francisco Javier"]
[Result "0-1"]
[WhiteElo "1903"]
[BlackElo "2009"]
[PlyCount "92"]
[EventDate "2009.07.18"]
[EventType "swiss"]
[EventRounds "9"]
[EventCountry "ESP"]
[Source "lmi"]
[SourceDate "2009.07.18"]

1. e4 Nf6 2. Nc3 d6 3. d4 g6 4. Bc4 Bg7 5. h3 O-O 6. Be3 c6 7. Nf3 Nxe4 8.
Bxf7+ Rxf7 9. Nxe4 d5 10. Nc5 Qd6 11. Qd2 b6 12. Nd3 Bf5 13. Bf4 Qd8 14. Nde5
Rf8 15. Nh4 Bxc2 16. Rc1 Ba4 17. O-O Bxe5 18. dxe5 e6 19. Bg5 Qe8 20. Bh6 Rf7
21. Qg5 Re7 22. f4 Nd7 23. f5 exf5 24. Rxf5 Bb5 25. Rc3 Rxe5 26. Rcf3 Rxf5 27.
Rxf5 Bd3 28. Rxd5 cxd5 29. Qxd5+ Kh8 30. Qd4+ Qe5 31. Qxd7 Bb5 32. Bg7+ Qxg7
33. Qxb5 Qd4+ 34. Kh2 Rd8 35. Nf3 Qf4+ 36. Kg1 Qg3 37. Qe2 Qd6 38. Qe4 Kg7 39.
Ng5 Qc5+ 40. Kh2 Qxg5 41. Qb7+ Kh6 42. Qf3 Qe5+ 43. Kh1 Rc8 44. Qd1 Qe3 45. Qd6
Rc1+ 46. Kh2 Rf1 0-1

[Event "10. Open Internacional de Galapagar"]
[Site "Galapagar ESP"]
[Date "2009.07.22"]
[Round "5.23"]
[White "Sanchez Delgado, Lidia"]
[Black "Lozano Sanchez, Jose Antonio"]
[Result "1-0"]
[WhiteElo "2006"]
[BlackElo "1930"]
[PlyCount "77"]
[EventDate "2009.07.18"]
[EventType "swiss"]
[EventRounds "9"]
[EventCountry "ESP"]
[Source "lmi"]
[SourceDate "2009.07.18"]

1. e4 e5 2. Nf3 Nc6 3. d4 exd4 4. Nxd4 Bc5 5. Be3 Qf6 6. c3 Nge7 7. Bc4 d6 8.
f3 O-O 9. O-O Be6 10. Be2 Qg6 11. Kh1 Bd7 12. Nd2 Rad8 13. f4 f5 14. Bc4+ Kh8
15. Rf3 Bxd4 16. cxd4 fxe4 17. Rg3 Qe8 18. Qc2 d5 19. Bf1 Nf5 20. Rh3 Nxe3 21.
Rxe3 Rxf4 22. Qc5 Be6 23. Bb5 Qf8 24. Qc3 Rd6 25. Nb3 a6 26. Be2 Bg4 27. g3
Bf3+ 28. Kg1 Rg6 29. Bxf3 Rxf3 30. Rxf3 Qxf3 31. Rf1 Rf6 32. Rxf3 Rxf3 33. Qd2
Ne7 34. Qg5 Rf6 35. Qe5 Rf7 36. Qe6 Kg8 37. Nc5 Kf8 38. Nd7+ Ke8 39. Ne5 1-0

[Event "10. Open Internacional de Galapagar"]
[Site "Galapagar ESP"]
[Date "2009.07.22"]
[Round "5.24"]
[White "Perez Marco, Ricardo"]
[Black "Fernandez Garcia, Javier"]
[Result "0-1"]
[WhiteElo "2183"]
[BlackElo "1923"]
[PlyCount "92"]
[EventDate "2009.07.18"]
[EventType "swiss"]
[EventRounds "9"]
[EventCountry "ESP"]
[Source "lmi"]
[SourceDate "2009.07.18"]

1. e4 e6 2. d3 d5 3. Nd2 Nf6 4. Ngf3 b6 5. g3 dxe4 6. dxe4 Bc5 7. Bg2 Ba6 8. c4
Qd3 9. Qe2 Qxe2+ 10. Kxe2 Nc6 11. b3 Nd4+ 12. Nxd4 Bxd4 13. Rb1 O-O-O 14. Nf3
Nxe4 15. Nxd4 Nc3+ 16. Ke3 Nxb1 17. Bb2 Nd2 18. Rd1 Nxc4+ 19. bxc4 c5 20. Rd2
cxd4+ 21. Bxd4 Bb7 22. Bh3 Rhg8 23. c5 b5 24. Rb2 Bc6 25. Be5 Rd7 26. f4 f5 27.
Bf1 Rb7 28. Kd4 Kd7 29. Bd6 a5 30. Ke5 Ra8 31. Be2 a4 32. Rd2 Bd5 33. g4 g6 34.
gxf5 gxf5 35. Rxd5 exd5 36. Kxd5 Rc8 37. Bd3 Kd8 38. c6 Rb6 39. c7+ Rxc7 40.
Bxc7+ Kxc7 41. Kc5 b4 42. Kc4 b3 43. axb3 axb3 44. Bxf5 b2 45. Bb1 Rh6 46. f5
Kd6 0-1

[Event "10. Open Internacional de Galapagar"]
[Site "Galapagar ESP"]
[Date "2009.07.22"]
[Round "5.26"]
[White "Anton Veiga, Juan Carlos"]
[Black "Madurga Lopez, Ignacio"]
[Result "1-0"]
[WhiteElo "2090"]
[BlackElo "1816"]
[PlyCount "49"]
[EventDate "2009.07.18"]
[EventType "swiss"]
[EventRounds "9"]
[EventCountry "ESP"]
[Source "lmi"]
[SourceDate "2009.07.18"]

1. e4 c5 2. Nf3 d6 3. d4 cxd4 4. Nxd4 Nf6 5. Nc3 a6 6. Bg5 e6 7. Qe2 Nbd7 8.
O-O-O Be7 9. f4 Qc7 10. g4 b5 11. Bg2 Bb7 12. e5 dxe5 13. Bxb7 exd4 14. Bxa8
dxc3 15. f5 Nb6 16. Bf3 Na4 17. b3 Qc5 18. Kb1 Nb2 19. Rde1 O-O 20. Bc1 Qa3 21.
fxe6 Nc4 22. Bxa3 Bxa3 23. exf7+ Kh8 24. Qxc4 bxc4 25. g5 1-0

[Event "10. Open Internacional de Galapagar"]
[Site "Galapagar ESP"]
[Date "2009.07.22"]
[Round "5.27"]
[White "Rodriguez Garcia, Jose Maria"]
[Black "Isasa Moreira, Conrado"]
[Result "1-0"]
[WhiteElo "2019"]
[BlackElo "1792"]
[PlyCount "47"]
[EventDate "2009.07.18"]
[EventType "swiss"]
[EventRounds "9"]
[EventCountry "ESP"]
[Source "lmi"]
[SourceDate "2009.07.18"]

1. d4 Nf6 2. Nf3 g6 3. b3 Bg7 4. Bb2 O-O 5. g3 c5 6. Bg2 cxd4 7. Nxd4 Nc6 8.
O-O Nxd4 9. Bxd4 d5 10. Nd2 Qc7 11. Nf3 b6 12. Rc1 Bh6 13. e3 Ba6 14. Bxf6 exf6
15. Re1 Rad8 16. Qd4 Rfe8 17. Qa4 Bc8 18. c4 dxc4 19. Rxc4 Qd7 20. Qa3 Bf8 21.
Qc1 Qb5 22. Nd4 Qa6 23. Ra4 Qd3 24. Rd1 1-0

[Event "10. Open Internacional de Galapagar"]
[Site "Galapagar ESP"]
[Date "2009.07.22"]
[Round "5.28"]
[White "Julian Sierra, Rogelio"]
[Black "Cavalle Pulla, Daniel"]
[Result "1-0"]
[WhiteElo "2014"]
[BlackElo "1785"]
[PlyCount "81"]
[EventDate "2009.07.18"]
[EventType "swiss"]
[EventRounds "9"]
[EventCountry "ESP"]
[Source "lmi"]
[SourceDate "2009.07.18"]

1. c4 e5 2. Nc3 Nc6 3. g3 g6 4. Bg2 Bg7 5. Nf3 d6 6. O-O f5 7. d3 Nf6 8. Rb1
O-O 9. Bg5 h6 10. Bxf6 Qxf6 11. b4 Rb8 12. b5 Ne7 13. Nd2 Bd7 14. Qa4 e4 15.
Rb3 Qd4 16. Nd1 exd3 17. Rxd3 Qb6 18. Qc2 Be6 19. a4 Rfd8 20. Ne3 a6 21. Rd1
axb5 22. cxb5 Qa7 23. Qxc7 Rd7 24. b6 Qa8 25. Rxd6 Rxc7 26. bxc7 Rc8 27. Rxe6
Rxc7 28. Nd5 Nxd5 29. Bxd5 Kh7 30. Bb3 Rd7 31. Nf3 Rxd1+ 32. Bxd1 Qc8 33. Bb3
Qc3 34. Re3 Qc1+ 35. Kg2 Qc6 36. h4 b6 37. Re6 Qb7 38. Re8 Bf6 39. Rf8 Bg7 40.
Bg8+ Kh8 41. Bd5+ 1-0

[Event "10. Open Internacional de Galapagar"]
[Site "Galapagar ESP"]
[Date "2009.07.22"]
[Round "5.29"]
[White "Andalon Gomez, Carlos J"]
[Black "Garcia Burguillo, Javier"]
[Result "1-0"]
[WhiteElo "2012"]
[BlackElo "1702"]
[PlyCount "83"]
[EventDate "2009.07.18"]
[EventType "swiss"]
[EventRounds "9"]
[EventCountry "ESP"]
[Source "lmi"]
[SourceDate "2009.07.18"]

1. d4 Nf6 2. c4 e5 3. dxe5 Ng4 4. Bf4 Bb4+ 5. Nd2 Nc6 6. Ngf3 Qe7 7. e3 Ngxe5
8. Nxe5 Nxe5 9. Be2 d6 10. O-O Bxd2 11. Qxd2 O-O 12. b4 b6 13. c5 dxc5 14. bxc5
Bb7 15. Qc3 Ng6 16. Bg3 Rfd8 17. c6 Bc8 18. a4 a5 19. Bb5 Nf8 20. Qe5 Qxe5 21.
Bxe5 Ra7 22. Rad1 Rxd1 23. Rxd1 Ne6 24. Bc4 Kf8 25. Bg3 Ke7 26. f3 Nc5 27. e4
Nxa4 28. Bh4+ f6 29. e5 Nb2 30. exf6+ gxf6 31. Re1+ Kf8 32. Ba2 Kg7 33. Re7+
Kg6 34. g4 a4 35. Bb1+ f5 36. Re8 a3 37. Rxc8 Nd1 38. Bxf5+ Kf7 39. Rd8 Nc3 40.
Rd7+ Ke8 41. Be6 a2 42. Rd8# 1-0

[Event "10. Open Internacional de Galapagar"]
[Site "Galapagar ESP"]
[Date "2009.07.22"]
[Round "5.30"]
[White "Algaba Traspuesto, Jose Antonio"]
[Black "Cerrato Torrijos, Maria"]
[Result "0-1"]
[WhiteElo "1746"]
[BlackElo "1992"]
[PlyCount "58"]
[EventDate "2009.07.18"]
[EventType "swiss"]
[EventRounds "9"]
[EventCountry "ESP"]
[Source "lmi"]
[SourceDate "2009.07.18"]

1. c4 e5 2. Nc3 Nc6 3. g3 g6 4. Bg2 Bg7 5. Nf3 d6 6. d3 f5 7. O-O Nf6 8. Bg5 h6
9. Bxf6 Bxf6 10. Rb1 O-O 11. e3 Be6 12. Nd5 Bg7 13. b4 Qd7 14. b5 Nd8 15. a4 c6
16. Nb4 f4 17. exf4 exf4 18. Nh4 g5 19. Ng6 Rf6 20. Be4 Bf7 21. bxc6 bxc6 22.
Nxc6 Bxg6 23. Nxd8 Bxe4 24. dxe4 Rxd8 25. Qb3 f3 26. Rfd1 Qh3 27. c5+ Kh8 28.
Qxf3 Rxf3 29. c6 Rc3 0-1

[Event "10. Open Internacional de Galapagar"]
[Site "Galapagar ESP"]
[Date "2009.07.22"]
[Round "5.31"]
[White "Collado Barbas, Alberto"]
[Black "Quesada Ordinas, Jaime"]
[Result "1-0"]
[WhiteElo "1986"]
[BlackElo "1687"]
[PlyCount "51"]
[EventDate "2009.07.18"]
[EventType "swiss"]
[EventRounds "9"]
[EventCountry "ESP"]
[Source "lmi"]
[SourceDate "2009.07.18"]

1. d4 f5 2. c4 Nf6 3. Nc3 g6 4. g3 Bg7 5. Bg2 O-O 6. Nh3 d6 7. Bg5 c6 8. O-O
Qc7 9. Qd2 e5 10. d5 Nbd7 11. dxc6 bxc6 12. Nb5 cxb5 13. Bxa8 bxc4 14. Rfd1 Ba6
15. Bg2 Ne8 16. Be7 Rf7 17. Bd5 Ndf6 18. Bxf7+ Kxf7 19. Bxd6 Qxd6 20. Qxd6 Nxd6
21. Rxd6 Bb7 22. Rc1 Ke7 23. Rcd1 Bh6 24. f4 e4 25. Ng5 Bg7 26. Re6+ 1-0

[Event "10. Open Internacional de Galapagar"]
[Site "Galapagar ESP"]
[Date "2009.07.22"]
[Round "5.32"]
[White "Campomanes Rodriguez, Javier"]
[Black "Camarero Izquierdo, Juan Carlos"]
[Result "0-1"]
[WhiteElo "1708"]
[BlackElo "1950"]
[PlyCount "106"]
[EventDate "2009.07.18"]
[EventType "swiss"]
[EventRounds "9"]
[EventCountry "ESP"]
[Source "lmi"]
[SourceDate "2009.07.18"]

1. d4 Nf6 2. c4 g6 3. Nc3 Bg7 4. Bf4 d6 5. Qd2 Nc6 6. Nf3 Bf5 7. Rc1 O-O 8. Bh6
Bxh6 9. Qxh6 Ng4 10. Qd2 e5 11. e4 exd4 12. Nxd4 Bd7 13. Be2 Nb4 14. O-O Qh4
15. Nf3 Qd8 16. a3 Nc6 17. Rfe1 f5 18. Bf1 fxe4 19. Nxe4 Rf5 20. b4 Qf8 21. h3
Nf6 22. Nxf6+ Qxf6 23. Re3 Rf8 24. Rc2 Nd8 25. Nd4 Rf4 26. Nb5 Ne6 27. g3 Rf5
28. Bd3 Rh5 29. Bf1 Bxb5 30. cxb5 Nd4 31. Bc4+ d5 32. g4 Nxc2 33. Qxc2 Re5 34.
Rxe5 Qxe5 35. Bf1 Rd8 36. a4 d4 37. Qc4+ Kg7 38. a5 Rd7 39. Bd3 Rf7 40. Qc2
Qe1+ 41. Kg2 Qxb4 42. a6 bxa6 43. bxa6 c5 44. h4 Qc3 45. Qe2 Qa5 46. Qe5+ Kf8
47. Qb8+ Ke7 48. Qe5+ Kd8 49. Qb8+ Ke7 50. Qxa7+ Kf6 51. g5+ Kg7 52. Qb8 Qc7
53. Qe8 c4 0-1

[Event "10. Open Internacional de Galapagar"]
[Site "Galapagar ESP"]
[Date "2009.07.22"]
[Round "5.33"]
[White "Baeza Escudero, Javier"]
[Black "Garcia Hernandez, Javier"]
[Result "1-0"]
[WhiteElo "1946"]
[BlackElo "1650"]
[PlyCount "55"]
[EventDate "2009.07.18"]
[EventType "swiss"]
[EventRounds "9"]
[EventCountry "ESP"]
[Source "lmi"]
[SourceDate "2009.07.18"]

1. e4 e6 2. d4 d5 3. Nc3 Nf6 4. Bg5 Be7 5. e5 Nfd7 6. Bxe7 Qxe7 7. f4 a6 8. Nf3
c5 9. Qd2 Nc6 10. dxc5 Nxc5 11. Bd3 Nxd3+ 12. cxd3 b5 13. O-O Bd7 14. Rfc1 O-O
15. Ne2 Rfc8 16. d4 Ra7 17. Ne1 Rac7 18. Nd3 a5 19. Rc2 b4 20. Rac1 Be8 21. Nc5
Nd8 22. f5 f6 23. exf6 gxf6 24. Nf4 Bf7 25. fxe6 Nxe6 26. Nxd5 Qd8 27. Nxc7
Nxc5 28. Rxc5 1-0

[Event "10. Open Internacional de Galapagar"]
[Site "Galapagar ESP"]
[Date "2009.07.22"]
[Round "5.39"]
[White "Martin Consuegra Barrilero, Javier"]
[Black "Galan Aguado, Fernando"]
[Result "1/2-1/2"]
[WhiteElo "1891"]
[BlackElo "1793"]
[PlyCount "72"]
[EventDate "2009.07.18"]
[EventType "swiss"]
[EventRounds "9"]
[EventCountry "ESP"]
[Source "lmi"]
[SourceDate "2009.07.18"]

1. d4 d5 2. Nf3 Nf6 3. Bf4 c6 4. c3 Nbd7 5. e3 h6 6. Be2 Ne4 7. Nbd2 Ndf6 8.
Ne5 Bf5 9. f3 Nxd2 10. Qxd2 e6 11. g4 Bh7 12. h4 Nd7 13. Bd3 Nxe5 14. Bxe5 Qd7
15. Bxh7 Rxh7 16. Qc2 Rh8 17. h5 a5 18. a4 f6 19. Bg3 c5 20. dxc5 Bxc5 21. Kf2
Rf8 22. Rhe1 Rc8 23. Rad1 Qc6 24. Kg2 Rd8 25. b3 Kf7 26. Rd3 Rd7 27. e4 d4 28.
e5 Bb4 29. exf6 gxf6 30. Red1 Rfd8 31. Rxd4 Rxd4 32. Qg6+ Ke7 33. Qh7+ Ke8 34.
Qg8+ Bf8 35. Qg6+ Ke7 36. Qh7+ Ke8 1/2-1/2

[Event "10. Open Internacional de Galapagar"]
[Site "Galapagar ESP"]
[Date "2009.07.22"]
[Round "5.40"]
[White "Moreno Antonio, Mario"]
[Black "Diaz Begonte, Manuel"]
[Result "1/2-1/2"]
[WhiteElo "1890"]
[BlackElo "1782"]
[PlyCount "54"]
[EventDate "2009.07.18"]
[EventType "swiss"]
[EventRounds "9"]
[EventCountry "ESP"]
[Source "lmi"]
[SourceDate "2009.07.18"]

1. d4 d5 2. Nf3 Nf6 3. c4 c6 4. Nc3 dxc4 5. e4 b5 6. a3 e6 7. Bg5 Be7 8. Be2
Nbd7 9. Qc2 h6 10. Bh4 Bb7 11. O-O O-O 12. Rad1 Nd5 13. exd5 Bxh4 14. dxe6 fxe6
15. Qe4 Bf6 16. Qxe6+ Kh8 17. Ne5 Bxe5 18. dxe5 Nc5 19. Qg6 Qe7 20. Rfe1 Rad8
21. Bf3 Rxd1 22. Bxd1 Nd3 23. Bc2 Rf6 24. Qe4 Re6 25. Bxd3 cxd3 26. Qxd3 Rxe5
27. Rxe5 Qxe5 1/2-1/2